| 000 | 00578nam a2200181 a 4500 | ||
|---|---|---|---|
| 005 | 20230602063625.0 | ||
| 008 | 991125s1964 mx 000 0 spa u | ||
| 035 | _aUPN01000006013 | ||
| 049 | _aCG | ||
| 050 | 4 |
_aF1234 _bB5.3 no.36 |
|
| 100 | 1 | _aOlea, Héctor R. | |
| 245 | 1 | 0 |
_aBreve historia de la revolución en Sinaloa 1910-1917 / _cHéctor R. Olea. |
| 260 |
_aMéxico : _bINEHRM, _c1964. |
||
| 300 | _a95 p. | ||
| 440 | 0 |
_aBiblioteca del Instituto Nacional de Estudios Históricos de la Revolución Mexicana ; _v36 |
|
| 651 | 2 |
_aSinaloa _xHistoria _923666 |
|
| 905 | _aLibro | ||
| 999 |
_c6013 _d6013 |
||